=LDR 00000nam 2200000 4500 =001 INLIS000000000050390 =005 20170503020252 =035 ##$$a 0010-0517000043 =007 ta =008 170503###########################0###### =020 ##$$a 978170953X =082 ##$$a 658 =084 ##$$a 658 MEK s =100 #$$a Mekarsari, Sylvia Susana =245 1#$$a 1852 pepatah dan petuah cina untuk hidup sukses, bijak dan bahagia /$c Sylvia Susana Mekarsari =250 ##$$a Cet.1 =260 ##$$a Yogyakarta :$b Bangkit,$c 2010 =300 ##$$a iv, 195 hlm. : $b Ilus ; $c 21 cm. =650 ##$$a Manajemen =990 ##$$a 77117711 =990 ##$$a 77117711 =990 ##$$a 31700887 =990 ##$$a 02201707711 =990 ##$$a 31700888 =990 ##$$a 31700887